000
00219 a2200097 4500
001
18606
100
_a
Aziz A.S
245
_a
Fazail-e-Sahaba-wa-ahlebait
260
_a
_b
Qaumi kutub khana
_c
1967
090
_c
13834
_d
13834
942
_a
NUST-CAE
_c
M
_c
4263
999
_c
253679
_d
253679